00785nam a22002297a 450000500170000001000110001702000100002803500110003803700160004904000120006508200160007710000320009324500830012526000520020827000180026030000290027849000430030765000400035094200250039099900190041595201210043420170124105930.0 a846940 c00.00 a846940 bCen Lib/Ret aDPLbEN a230.65bBAI aSaraswati, Baidyanath98175 aBrahmanic ritual traditions in the crucible of time /cby Baidyanath Saraswati aSimlabIndian institute of advnaced studyc1977 bSimlae171005 axxii;299p. :bill.c21cm aStudies in India and Asia civilization aReligion - Brahmanic Rituals973700 2ddccENh230.65mBAI c123808d123808 00104070aLbLd2015-06-12eCen Lib/Retg0.00l0o230.65 BAIp846940r2015-06-12 00:00:00t1v0.00w2015-06-12yEN